| 000 | 005880000a22001810004500 | ||
|---|---|---|---|
| 003 | MACL | ||
| 005 | 20160527141622.0 | ||
| 008 | 160527b xxu||||| |||| 00| 0 eng d | ||
| 040 |
_aMACL _cMACL |
||
| 041 | _aHindi | ||
| 082 | _a891.433 | ||
| 100 |
_aप्लेययेल, अग्निएता _960201 |
||
| 245 |
_aकुकुर नक्षत्र _cअग्निएता प्लेययेल |
||
| 260 |
_bआकृति प्रकाशन _c205 _aदिल्ली |
||
| 350 | _a225 | ||
| 650 |
_aNovel _960202 |
||
| 942 |
_cHIN _k891.433/PLY/N _2ddc |
||
| 999 |
_c11201 _d11201 |
||